1852 1740 1281 1465 1551 1254 1904 1669 1594 1169 1470 1026 1470 1473 1272 1657 1770 1653 1050 1247 1488 1851 1230 1604 1771 1506 1499 1081 1216 1104 1962 1612 1157 1783 1382 1809 1531 1262 1180 1585 1639 1192 1623 1105 1827 1327 1972 1520 1204 1336 1333 1457 1805 1625 1586 1936 1300 1362 1400 1762 1679 1014 1029 1779 1837 1821 1259 1033 1998 1048 1867 1809 1110 1089 1639 1737 1941 1967 1285 1203 1860 1292 1301 1182 1984 1882 1214 1017 1861 1835 1959 1816 1322 1869 1528 1730 1095 1506 1347 BCNSPRNW ULIB Ver.6.0+V

เปลี่ยนเป็นภาษาไทย

Change to English
 แสดงรายละเอียดบรรณานุกรม
  กลับหน้าหลัก

Brief Record : Get Marc (ISO 2709) : E-mail record : QR code < ปิดหน้าต่าง
LEADER : 00000nam 2200000uu 4500
001    13399112381
003     ULIB
008    110627s2552||||th 000 0 tha d
020    9789740461845
090    นว.^bM111ห 2552
100 0  May 112
245 00 หนุ่มกวนสาวแกร่งรักแรงคูณสอง/^cMay 112
250    พิมพ์ครั้งที่ 1
260    กรุงเทพฯ :^bแจ่มใส,^c2552
300    225 หน้า
710 1  แจ่มใส
945    ^p169^l0^i026756
995    ทศพร
999 ^a ใช้งานได้ทุกระบบ
รายการนี้ยังไม่มีแท็ก
คุณยังไม่ได้ล็อกอิน คุณสามารถมีกิจกรรมร่วมกับเว็บไซต์ได้ แต่ต้องล็อกอินก่อน ::
  ล็อกอิน

รายการสื่อสารสนเทศ

ลำดับที่ ประเภท เลขเรียก/บาร์โค้ด สถานที่ สถานะ
- ไม่พบข้อมูล -

BibComment


ยังไม่เคยถูกคอมเมนท์

คอมเมนท์ทรัพยากรรายการนี้
  คอมเมนท์: หนุ่มกวนสาวแกร่งร..


 Copyright 2026. Bcnsprnw @Library